Âm nhạc và phương pháp dạy học âm nhạc ở tiểu học Tài liệu đào tạo giáo viên tiểu học...
Giới thiệu ký thuyết âm nhạc phổ thông, đọc, ghi nhạc, học hát, phương pháp sử dụng đàn phím điện tử và phương pháp giảng dạy âm nhạc ở trường tiểu học
Gespeichert in:
| 1. Verfasser: | |
|---|---|
| Format: | Buch |
| Sprache: | Vietnamese |
| Veröffentlicht: |
H.
Giáo dục
2006
|
| Schlagworte: | |
| Tags: |
Tag hinzufügen
Keine Tags, Fügen Sie den ersten Tag hinzu!
|
| Thư viện lưu trữ: | Mạng thư viện Đại học Đà Nẵng |
|---|
| LEADER | 01800aam a22003978a 4500 | ||
|---|---|---|---|
| 001 | 000006530 | ||
| 003 | 2687 | ||
| 005 | 20120524100502.0 | ||
| 008 | 110913s2006 viesd | ||
| 020 | |d 52850b | ||
| 041 | 0 | |a vie | |
| 082 | 1 | 4 | |2 14 |a 372.87 |b HO-L |
| 084 | |a W31n3 |b Â120N | ||
| 100 | 0 | |a Hoàng Long | |
| 245 | |a Âm nhạc và phương pháp dạy học âm nhạc ở tiểu học |b Tài liệu đào tạo giáo viên tiểu học... |c B.s.: Hoàng Long | ||
| 260 | |a H. |b Giáo dục |c 2006 | ||
| 300 | |a 64tr. |c 29cm | ||
| 500 | |a ĐTTS ghi: Bộ Giáo dục và Đào tạo. Dự án Phát triển Giáo viên tiểu học | ||
| 520 | |a Giới thiệu ký thuyết âm nhạc phổ thông, đọc, ghi nhạc, học hát, phương pháp sử dụng đàn phím điện tử và phương pháp giảng dạy âm nhạc ở trường tiểu học | ||
| 650 | 7 | |2 Bộ TK TVQG |a Âm nhạc | |
| 650 | 7 | |2 Bộ TK TVQG |a Phương pháp giảng dạy | |
| 650 | 7 | |2 Bộ TK TVQG |a Tiểu học | |
| 655 | 7 | |2 Bộ TK TVQG |a Giáo trình | |
| 910 | |a Minh |d 13/9/2011 | ||
| OWN | |a LSP | ||
| AVA | |a UDN50 |b LSP |d 372.87 HO-L |e check_holdings |t Error 5003 Not defined in file expand_doc_bib_avail. |h N |k 1 | ||
| AVA | |a UDN50 |b LSP |c Textbooks |d 570.7 TR-H |e check_holdings |t Error 5003 Not defined in file expand_doc_bib_avail. |h N |j GT |k 1 | ||
| 999 | |a From the UDN01 | ||
| AVA | |a UDN50 |b LSP |d 372.87 HO-L |e available |t Error 5001 Not defined in file expand_doc_bib_avail. |f 22 |g 0 |h N |i 15 |k 1 | ||
| AVA | |a UDN50 |b LSP |c Textbooks |d 570.7 TR-H |e available |t Error 5001 Not defined in file expand_doc_bib_avail. |f 33 |g 1 |h N |i 28 |j GT |k 1 | ||
| TYP | |a Monograph | ||
| TYP | |a Printed language | ||
| 980 | |a Mạng thư viện Đại học Đà Nẵng | ||